Zelené střechy: Souhra architektury s přírodou /

Gespeichert in:
Bibliographische Detailangaben
Hauptverfasser: Dostalová, Jitka (Verfasst von), Burian, Samuel (Verfasst von), Chaloupka, Karel (Verfasst von)
Format: Buch
Sprache:Tschechisch
Veröffentlicht: Praha: Grada Publishing, 2021
Ausgabe:1. vyd.
Schlagworte:
Tags: Tag hinzufügen
Keine Tags, Fügen Sie das erste Tag hinzu!

MARC

LEADER 00000nam a22000003a 4500
001 0097983
003 SK-STU
005 20221102105332.8
007 ta
008 221102s ----xo-----e------000-0-----d
020 |a 978-80-271-1326-2 
040 |a STU  |b slo 
041 0 |a cze  |h cze 
044 |a xr 
100 1 |a Dostalová, Jitka  |r Z6  |4 aut 
245 1 0 |a Zelené střechy:  |b Souhra architektury s přírodou /  |c aut. Jitka a kolektiv Dostalová 
250 |a 1. vyd. 
260 |a Praha:  |b Grada Publishing,  |c 2021 
300 |a 168 s. 
650 0 7 |a zelené strechy 
650 0 7 |a strešné konštrukcie 
650 0 7 |a vegetácia 
650 0 7 |a vegetačná strecha 
700 1 |a Burian, Samuel  |r Z6  |4 aut 
700 1 |a Chaloupka, Karel  |4 aut 
996 |b 284V037885  |c V* 53437/O-24597  |l VVT  |s A  |a 24  |w 0097983_0001 
996 |b 284V037886  |c V* 53438/O-24598  |l VVS  |s A  |a 24  |w 0097983_0002